000 00692nam a2200217Ia 4500
001 3249
003 GE_BSU
008 181216s||||||||xx |||||||||||||| ||und||
040 _cGE_BSU
080 _a62.396(07)
100 _aРайнус,А.С.
245 _aЛабораторный практикум по радиотехники и антеннам.
245 _bУчеб. пособие.
245 _cРед. Г.А.Сорокина.
260 _aМ.
260 _bВысшая школа.
260 _c1973.
300 _a168 стр. 20 см. с илл.
653 _aЛабораторный практикум по радиотехники и антеннам.
942 _cBK
999 _c37290
_d37290